000 00746nam0a22002411 4500
001 rc\4540191
005 20250611192535.0
035 _a(NLR Aleph) 008360036
090 _a8992423
_c8992423
100 _a20130416d1967 |||y0rusy50 ca
101 0 _arus
102 _aRU
105 _ay z |||||
200 1 _aФизика диэлектриков
_eКонспект лекций
_fПод ред. Кувшинского
210 _aЛенинград
_cЛПИ
_d1967
300 _aЕсть в б-ке ЛПИ
700 1 _aКойков
_bС.Н.
_gСергей Николаевич
702 1 _aКувшинский
_bЛ.
_4340
801 0 _aRU
_bNLR
_gpsbo
801 1 _aRU
_bELAR
_2rusmarc
852 _aNLR
_jDesideratum
942 _cBOOK
980 _aNB